000 01234cam a2200361 a 4500
001 5916
003 FISKH
005 20250207091250.0
008 000719s2001 nyu c 000 1 eng
010 _a 00059725
020 _a0786806176 (trade hc)
020 _a0786825294 (library)
020 _a043940147x
040 _aDLC
_cDLC
_dDLC
_beng
050 _aPZ7.S65766 Z
082 _a523
100 1 _aSmith, Roland
_d(1951-)
245 1 0 _aZach's lie /
_cRoland Smith.
250 _aFirst printing in 2002
260 _aNew York :
_bScholastic,
_c2001.
300 _a215 pages :
_c20 cm
505 _aP
520 _aWhen Jack Osborne is befriended by his school's custodian and a Basque girl, he begins to adjust to his family's sudden move to Elko, Nevada, after entering the Witness Security Program, but the drug cartel against which his father will testify is determined to track them down.
521 8 _a650
_bLexile
521 8 _aP
_bRaz-Plus
650 1 _aWitness protection programs
_vFiction.
650 1 _aDrug dealers
_vFiction.
650 1 _aBasques
_vFiction.
651 1 _aNevada
_vFiction.
906 _a7
_bcbc
_corignew
_d1
_eocip
_f20
_gy-gencatlg
942 _2ddc
_cBK
_n0
999 _c5916
_d5916